[Event "51smm B Klausen2-Taufers"]
[Site "?"]
[Date "2019.11.16"]
[Round "2.2"]
[White "Flatscher, Tobias"]
[Black "Hartmann, Alois Eugen"]
[Result "0-1"]
[WhiteElo "1591"]
[BlackElo "1462"]
[PlyCount "70"]
[EventDate "2019.11.16"]

1. d4 e6 2. Bf4 d5 3. e3 Nf6 4. Nf3 c5 5. c3 Nc6 6. h3 cxd4 7. exd4 Be7 8. Bd3
Bd6 9. Ne5 Qc7 10. Qe2 Nd7 11. Nxc6 bxc6 12. Bxd6 Qxd6 13. Nd2 c5 14. dxc5 Nxc5
15. Bb5+ Bd7 16. Bxd7+ Qxd7 17. O-O Na4 18. Nf3 Rb8 19. Ne5 Qb5 20. Qg4 O-O 21.
c4 dxc4 22. Nxc4 Nxb2 23. Rfb1 Qxc4 24. Qg3 Qd4 25. Qa3 Nc4 26. Qa4 Rxb1+ 27.
Rxb1 Rd8 28. Rb4 Qa1+ 29. Kh2 Qe5+ 30. g3 Qe2 31. Rxc4 Qxf2+ 32. Kh1 Qe1+ 33.
Kg2 Qe2+ 34. Kh1 Rd1+ 35. Qxd1 Qxd1+ 0-1

[Event "51smm B Klausen2-Taufers"]
[Site "?"]
[Date "2019.11.16"]
[Round "2.2"]
[White "Haidacher, Gerold"]
[Black "Rabanser, Harald"]
[Result "1-0"]
[WhiteElo "1735"]
[BlackElo "1552"]
[PlyCount "83"]
[EventDate "2019.11.16"]

1. e4 c5 2. Nf3 d6 3. d4 cxd4 4. Nxd4 Bd7 5. c4 Nc6 6. Nc3 e6 7. Be2 a6 8. O-O
Be7 9. Be3 Nxd4 10. Bxd4 Nf6 11. Rc1 e5 12. Be3 O-O 13. h3 Bc6 14. f3 Rc8 15.
Bd3 h6 16. Qd2 Kh7 17. Kh2 Ng8 18. Ne2 Bd7 19. Rfd1 f5 20. exf5 Bxf5 21. Bxf5+
Rxf5 22. Qd3 g6 23. Ng3 Rf8 24. Ne4 Rc6 25. Qd2 Re8 26. Qd5 Rf8 27. Qd2 Re8 28.
b3 Bf8 29. c5 Re6 30. Qd5 Qd7 31. cxd6 Nf6 32. Nxf6+ Rxf6 33. Qe4 Rxc1 34. Bxc1
Rxd6 35. Rxd6 Bxd6 36. Bb2 Qe7 37. h4 h5 38. Kh3 Bc7 39. Qd5 b5 40. Bc1 Qd6 41.
Qf7+ Kh8 42. Bh6 1-0

[Event "51smm B Klausen2-Taufers"]
[Site "?"]
[Date "2019.11.16"]
[Round "2.2"]
[White "Holzer, Philipp"]
[Black "Sigmund, Ingenuin"]
[Result "1/2-1/2"]
[WhiteElo "1880"]
[BlackElo "1701"]
[PlyCount "60"]
[EventDate "2019.11.16"]

1. e4 Nf6 2. Nc3 e5 3. f4 Nc6 4. fxe5 Nxe5 5. d4 Ng6 6. Nf3 h6 7. Bd3 Bb4 8. e5
Nd5 9. Bxg6 Nxc3 10. Qd2 Nxa2 11. c3 Nxc1 12. Rxc1 fxg6 13. cxb4 O-O 14. O-O c6
15. Qd3 d6 16. Qxg6 dxe5 17. dxe5 Bf5 18. Qd6 Be4 19. Rce1 Bd5 20. Qxd8 Raxd8
21. Nh4 Rxf1+ 22. Rxf1 Re8 23. Re1 Re6 24. Nf5 Kf8 25. g3 Rg6 26. Nd6 Rg4 27.
e6 Ke7 28. Nf5+ Ke8 29. Nd6+ Ke7 30. Nf5+ Ke8 1/2-1/2

[Event "51smm B Klausen2-Taufers"]
[Site "?"]
[Date "2019.11.16"]
[Round "2.2"]
[White "Steger, Andreas"]
[Black "Stivaletta, Andrea"]
[Result "0-1"]
[WhiteElo "1531"]
[BlackElo "1680"]
[PlyCount "69"]
[EventDate "2019.11.16"]

1. d4 d5 2. Nf3 Nf6 3. g3 e6 4. Bg2 c5 5. c3 Nc6 6. O-O Bd6 7. Nbd2 O-O 8. Re1
cxd4 9. cxd4 a5 10. b3 Bd7 11. Bb2 Rc8 12. Ne5 Nb4 13. Ba3 Qb6 14. Nxd7 Nxd7
15. Bxb4 Bxb4 16. e3 Rc7 17. Rc1 Rfc8 18. Rxc7 Qxc7 19. a3 Bxa3 20. Nb1 Bb4 21.
Rf1 Qc2 22. e4 Nf6 23. exd5 Qxd1 24. Rxd1 Nxd5 25. Nd2 Rc2 26. Nc4 b5 27. Bxd5
exd5 28. Ne3 Rc3 29. Nxd5 Rxb3 30. Rc1 g6 31. Rc8+ Kg7 32. Rb8 Ba3 33. Nf4 Bb2
34. d5 Be5 35. Rc8 {Zeitueberschreitung} 0-1

[Event "51smm B Steinegg-Lana"]
[Site "?"]
[Date "2019.11.16"]
[Round "2.1"]
[White "Pichler, Norbert"]
[Black "Engl, Stefan"]
[Result "0-1"]
[WhiteElo "1900"]
[BlackElo "1984"]
[PlyCount "90"]
[EventDate "2019.11.16"]

1. b3 e6 2. Bb2 d5 3. Nf3 Nf6 4. g3 Be7 5. Bg2 O-O 6. O-O c5 7. c4 Nc6 8. cxd5
Nxd5 9. e4 Ndb4 10. Na3 Nd3 11. Bc3 a6 12. Nc4 b5 13. Nce5 Ncxe5 14. Nxe5 Bb7
15. Nxd3 Qxd3 16. Qg4 g6 17. Rad1 f5 18. Qf4 Rae8 19. Qh6 Rf7 20. exf5 exf5 21.
Qe3 Qxe3 22. dxe3 Bxg2 23. Kxg2 Bf6 24. Bxf6 Rxf6 25. Rd7 Rc6 26. Kf3 c4 27.
bxc4 bxc4 28. Rc1 Rec8 29. Rc3 Rc5 30. Ke2 Ra5 31. Rc2 Rb5 32. Rd4 Kg7 33. Kd2
Rb4 34. h3 Rc6 35. g4 Kf6 36. Kc3 Ra4 37. gxf5 Kxf5 38. Rcd2 h5 39. h4 Ke5 40.
Rc2 a5 41. Rb2 Ra3+ 42. Kc2 c3 43. Rb5+ Ke6 44. Rg5 Rxa2+ 45. Kc1 Kf6 0-1

[Event "51smm B Steinegg-Lana"]
[Site "?"]
[Date "2019.11.16"]
[Round "2.2"]
[White "Pichler, Martin"]
[Black "Hoelzl, Matthias"]
[Result "1-0"]
[WhiteElo "1835"]
[BlackElo "1814"]
[PlyCount "47"]
[EventDate "2019.11.16"]

1. e4 e5 2. Nf3 Nf6 3. Nxe5 d6 4. Nf3 Nxe4 5. Nc3 Nxc3 6. dxc3 Be7 7. Be3 Nc6
8. Qd2 Bg4 9. h3 Bxf3 10. gxf3 Qd7 11. O-O-O O-O-O 12. Bb5 a6 13. Ba4 Bf6 14.
Qd5 Rhe8 15. f4 Qe6 16. Bxc6 bxc6 17. Qxc6 Qxa2 18. Bb6 Re7 19. Rhe1 Rde8 20.
Bxc7 d5 21. Be5+ Kd8 22. Rxd5+ Qxd5 23. Qxd5+ Kc8 24. Qc6+ 1-0

[Event "51smm B Steinegg-Lana"]
[Site "?"]
[Date "2019.11.16"]
[Round "2.3"]
[White "Kofler, Albin Ernst"]
[Black "Engl, Alexander"]
[Result "1/2-1/2"]
[WhiteElo "1481"]
[BlackElo "1803"]
[PlyCount "94"]
[EventDate "2019.11.16"]

1. Nf3 e6 2. g3 f5 3. Bg2 Nf6 4. c4 d5 5. d4 c6 6. cxd5 exd5 7. O-O Bd6 8. Nc3
O-O 9. Qc2 Ne4 10. Be3 Nxc3 11. bxc3 f4 12. Bd2 Bf5 13. Qb3 fxg3 14. fxg3 Qc7
15. Nh4 Bg4 16. Rxf8+ Kxf8 17. Rf1+ Ke8 18. c4 Nd7 19. Bg5 Nf6 20. Bxf6 gxf6
21. Rxf6 Qe7 22. Rf2 b6 23. Nf5 Bxf5 24. Rxf5 Qxe2 25. cxd5 c5 26. Rf6 Kd7 27.
Qa4+ b5 28. Qa6 Qe1+ 29. Rf1 Qe3+ 30. Kh1 Rb8 31. Qxa7+ Kd8 32. dxc5 Qxc5 33.
Qxc5 Bxc5 34. Be4 Ke7 35. Bxh7 Kd6 36. Rd1 Ra8 37. Bb1 Ra3 38. Kg2 Re3 39. Bd3
b4 40. Bc4 Rc3 41. Bb3 Re3 42. Rf1 Ke5 43. h4 Bd6 44. h5 Ke4 45. Bc2+ Kxd5 46.
Rf3 Re2+ 47. Rf2 Re3 1/2-1/2

[Event "51smm B Steinegg-Lana"]
[Site "?"]
[Date "2019.11.16"]
[Round "2.4"]
[White "Lantschner, Carmen"]
[Black "Del Rosso, Peter Karl"]
[Result "1-0"]
[WhiteElo "1669"]
[BlackElo "1538"]
[PlyCount "85"]
[EventDate "2019.11.16"]

1. e4 Nf6 2. Nc3 e5 3. Nf3 d6 4. d4 exd4 5. Nxd4 Be7 6. Bd3 O-O 7. O-O a6 8. a3
Nbd7 9. f4 Nc5 10. Nf3 Nxd3 11. cxd3 Bg4 12. d4 c6 13. Qc2 Bxf3 14. Rxf3 Re8
15. Be3 Bf8 16. Raf1 Rc8 17. Kh1 Qe7 18. e5 Nd5 19. Bc1 Nxc3 20. Rxc3 d5 21.
Rh3 g6 22. f5 c5 23. f6 Qe6 24. Qf2 Qg4 25. Be3 cxd4 26. Bxd4 Rc4 27. Rh4 Qg5
28. g3 Rc1 29. Rf4 Rxf1+ 30. Qxf1 h5 31. Qf3 Qh6 32. Qxd5 g5 33. Rf1 h4 34.
gxh4 Qxh4 35. Be3 g4 36. Rg1 Qh5 37. Bd4 Bh6 38. Qe4 Kh8 39. Qxg4 Qxg4 40. Rxg4
Rg8 41. Rh4 Kh7 42. Be3 Rg6 43. a4 1-0

[Event "51smm B Steinegg-Lana"]
[Site "?"]
[Date "2019.11.16"]
[Round "2.5"]
[White "Menghin, Karl"]
[Black "Schroffenegger, Simon"]
[Result "0-1"]
[WhiteElo "1425"]
[BlackElo "1527"]
[PlyCount "76"]
[EventDate "2019.11.16"]

1. c4 e5 2. Nc3 f5 3. e3 Nc6 4. g3 Nf6 5. Bg2 Bc5 6. Nd5 O-O 7. Ne2 e4 8. Nef4
Nxd5 9. Nxd5 Ne5 10. b3 Nd3+ 11. Kf1 Bd6 12. Nf4 Bxf4 13. exf4 d5 14. Ba3 c5
15. cxd5 Qxd5 16. Qe2 Bd7 17. Kg1 b5 18. Rb1 b4 19. Bb2 a6 20. Qe3 Rad8 21. Bf1
Bc6 22. Ba1 Rfe8 23. h4 Qf7 24. h5 Re6 25. Be2 a5 26. Kg2 a4 27. Rh2 Rh6 28.
Rbh1 axb3 29. axb3 Qxb3 30. g4 fxg4 31. Bxg4 Qd5 32. Kf1 b3 33. Bc3 b2 34. Kg2
Qa2 35. Bxb2 Qxb2 36. f5 Qd4 37. Qxd4 cxd4 38. f3 Ne5 0-1

[Event "51smm A Klausen-Ehrenburg"]
[Site "?"]
[Date "2019.11.23"]
[Round "2.1"]
[White "Hengl, Christian"]
[Black "Schacher, Gerd"]
[Result "1/2-1/2"]
[WhiteElo "2156"]
[BlackElo "2278"]
[PlyCount "50"]
[EventDate "2019.11.23"]

1. e4 c5 2. Nf3 d6 3. d4 cxd4 4. Nxd4 Nf6 5. Nc3 a6 6. f3 e5 7. Nb3 Be7 8. Be3
O-O 9. Qd2 Be6 10. O-O-O Nbd7 11. g4 Rc8 12. Kb1 Qc7 13. g5 Nh5 14. Nd5 Bxd5
15. exd5 Nb6 16. Qf2 Nc4 17. Bc1 f5 18. gxf6 Rxf6 19. Bg5 Rf7 20. Bxe7 Rxe7 21.
Bd3 Nf4 22. Qh4 Nxd3 23. cxd3 Na3+ 24. bxa3 Qc2+ 25. Ka1 Qc3+ 1/2-1/2

[Event "51smm A Klausen-Ehrenburg"]
[Site "?"]
[Date "2019.11.23"]
[Round "2.2"]
[White "Seebacher, Michael"]
[Black "Gruber, Alexander"]
[Result "1/2-1/2"]
[WhiteElo "1978"]
[BlackElo "1828"]
[PlyCount "62"]
[EventDate "2019.11.23"]

1. d4 d5 2. Bf4 e6 3. e3 Bd6 4. Bg3 Nf6 5. Nd2 c5 6. c3 Qc7 7. Ngf3 Nbd7 8. Bd3
e5 9. dxe5 Nxe5 10. Nxe5 Bxe5 11. Nf3 Bxg3 12. hxg3 Bd7 13. Qc2 h6 14. O-O-O
O-O-O 15. Bf5 Be6 16. c4 Rhe8 17. cxd5 Rxd5 18. Rxd5 Nxd5 19. Bxe6+ fxe6 20.
Qa4 Rd8 21. Qxa7 Nb4 22. Qa8+ Kd7 23. Rd1+ Ke8 24. Qa4+ Ke7 25. Kb1 Qc6 26. Qb3
Qe4+ 27. Kc1 Nd3+ 28. Rxd3 Qxd3 29. Qxd3 Rxd3 30. Kc2 Rd8 31. Ne5 Rd5 1/2-1/2

[Event "51smm A Klausen-Ehrenburg"]
[Site "?"]
[Date "2019.11.23"]
[Round "2.3"]
[White "Mairhofer, Lino"]
[Black "Seebacher, Reinhard"]
[Result "1/2-1/2"]
[WhiteElo "1723"]
[BlackElo "1909"]
[PlyCount "37"]
[EventDate "2019.11.23"]

1. e4 c5 2. Nf3 d6 3. d4 cxd4 4. c3 d3 5. Bxd3 Nc6 6. c4 g6 7. Nc3 Bg7 8. Be3
Nf6 9. Qd2 Ng4 10. Bf4 O-O 11. h3 Nge5 12. Nxe5 Nxe5 13. Be2 Be6 14. Nd5 Rc8
15. Rc1 b5 16. Bxe5 Bxe5 17. O-O bxc4 18. Rxc4 Rxc4 19. Bxc4 1/2-1/2

[Event "51smm A Klausen-Ehrenburg"]
[Site "?"]
[Date "2019.11.23"]
[Round "2.5"]
[White "Gatterer, Urban"]
[Black "Schrott, Ernst"]
[Result "0-1"]
[WhiteElo "1296"]
[BlackElo "1867"]
[PlyCount "70"]
[EventDate "2019.11.23"]

1. c4 Nf6 2. d3 c5 3. Nc3 Nc6 4. g3 e6 5. Bg2 Be7 6. a3 O-O 7. f4 d5 8. b3 d4
9. Ne4 Bd7 10. Nxf6+ Bxf6 11. Nf3 Rb8 12. Nd2 b5 13. Ne4 Be7 14. O-O bxc4 15.
bxc4 Na5 16. Ra2 Nb3 17. e3 Ba4 18. Kh1 Qd7 19. exd4 Nxd4 20. Qd2 Rfd8 21. Nc3
Nb3 22. Qe3 Bc6 23. Rb2 Bxg2+ 24. Kxg2 Qxd3 25. Rd1 Qxe3 26. Rxd8+ Rxd8 27.
Bxe3 Na5 28. Rb5 Nxc4 29. Bxc5 Nxa3 30. Bxe7 Nxb5 31. Nxb5 Rd7 32. Ba3 a6 33.
Nc3 a5 34. h4 Rd3 35. Nb5 Rb3 0-1

[Event "51smm A Arci-Klausen"]
[Site "?"]
[Date "2019.11.30"]
[Round "3.1"]
[White "Schacher, Gerd"]
[Black "Olivetti, Davide"]
[Result "1/2-1/2"]
[WhiteElo "2278"]
[BlackElo "2054"]
[PlyCount "85"]
[EventDate "2019.11.30"]

1. c4 g6 2. Nc3 Bg7 3. d4 Nf6 4. e4 O-O 5. Be3 d6 6. f3 c5 7. d5 e6 8. Qd2 exd5
9. cxd5 Re8 10. Nge2 Nbd7 11. Nc1 Nh5 12. Bg5 f6 13. Bh6 Bxh6 14. Qxh6 Ne5 15.
Nd3 Bd7 16. Be2 b5 17. g4 Nf7 18. Qd2 Ng7 19. O-O Rc8 20. Kh1 c4 21. Nb4 Qb6
22. a3 Ne5 23. Nc2 Re7 24. Rae1 a5 25. f4 Nxg4 26. Nd4 b4 27. axb4 axb4 28. Na4
Bxa4 29. Bxg4 c3 30. bxc3 bxc3 31. Qa2 Qxd4 32. Bxc8 Rxe4 33. Bb7 c2 34. Bc6
Rxf4 35. Qxa4 Qxa4 36. Bxa4 Rxa4 37. Rf2 Rd4 38. Rxc2 Rxd5 39. Rc8+ Kf7 40.
Rc7+ Kf8 41. Rc8+ Kf7 42. Rc7+ Kf8 43. Rc8+ 1/2-1/2

[Event "51smm A Arci-Klausen"]
[Site "?"]
[Date "2019.11.30"]
[Round "3.2"]
[White "Perino, Alberto"]
[Black "Seebacher, Michael"]
[Result "0-1"]
[WhiteElo "1858"]
[BlackElo "1978"]
[PlyCount "71"]
[EventDate "2019.11.30"]

1. e4 Nc6 2. Nf3 f5 3. d3 e5 4. Be2 Nf6 5. Nbd2 d5 6. O-O Be7 7. c3 O-O 8. exd5
Nxd5 9. d4 e4 10. Ne5 Nxe5 11. dxe5 Be6 12. Nb3 c5 13. f3 Qc7 14. f4 Rad8 15.
Qe1 Kh8 16. Kh1 g5 17. fxg5 Qxe5 18. c4 Nb4 19. Bf4 Qg7 20. Qg3 Kg8 21. Rfd1
Nc6 22. h4 b6 23. Bh5 Bxc4 24. Bc7 Rxd1+ 25. Rxd1 Bd3 26. Rxd3 exd3 27. Bf3 Nd8
28. Bd5+ Nf7 29. Qxd3 Qg6 30. Nd2 Rc8 31. Qg3 Kf8 32. Nc4 Qh5 33. Be6 Rxc7 34.
Qxc7 Qxh4+ 35. Kg1 Qe1+ 36. Kh2 0-1

[Event "51smm A Arci-Klausen"]
[Site "?"]
[Date "2019.11.30"]
[Round "3.3"]
[White "Seebacher, Reinhard"]
[Black "De Nisi, Roberta"]
[Result "1-0"]
[WhiteElo "1909"]
[BlackElo "1781"]
[PlyCount "85"]
[EventDate "2019.11.30"]

1. e4 e6 2. d4 d5 3. Nd2 Nf6 4. e5 Nfd7 5. Bd3 c5 6. c3 Nc6 7. Ne2 c4 8. Bc2 b5
9. O-O Bb7 10. f4 Qb6 11. f5 O-O-O 12. Kh1 Re8 13. fxe6 fxe6 14. Nf4 Nd8 15.
Qg4 Be7 16. Nf3 g6 17. Qh3 Reg8 18. Qg3 g5 19. Nh5 h6 20. Qg4 Bc6 21. Ng1 Nf8
22. Ne2 Qc7 23. Neg3 Be8 24. Bd2 Ng6 25. a4 b4 26. cxb4 Nf4 27. Nxf4 gxf4 28.
Qxf4 Bg5 29. Qf2 Bxd2 30. Qxd2 h5 31. Ne2 Qe7 32. Ra3 Bg6 33. Bxg6 Rxg6 34. Nf4
Rg5 35. b3 cxb3 36. Rxb3 Rf5 37. Qc1+ Kd7 38. Ng6 Qg5 39. Nxh8 Qg7 40. Rxf5
exf5 41. Qc5 Qxh8 42. Qxd5+ Ke8 43. Rg3 1-0

[Event "51smm A Arci-Klausen"]
[Site "?"]
[Date "2019.11.30"]
[Round "3.4"]
[White "D'Ambrosio, Luca"]
[Black "Schrott, Johann"]
[Result "0-1"]
[WhiteElo "1761"]
[BlackElo "1812"]
[PlyCount "25"]
[EventDate "2019.11.30"]

1. d4 Nf6 2. Bg5 d5 3. c4 c6 4. Nc3 Nbd7 5. e3 a6 6. Nf3 e6 7. Bd3 Be7 8. O-O
h6 9. Bh4 O-O 10. Rc1 Re8 11. Ne5 Nxe5 12. dxe5 Ne4 13. f4 0-1

[Event "51smm A Arci-Klausen"]
[Site "?"]
[Date "2019.11.30"]
[Round "3.5"]
[White "Schrott, Ernst"]
[Black "Rinaldo, Gaetano"]
[Result "1-0"]
[WhiteElo "1867"]
[BlackElo "1714"]
[PlyCount "56"]
[EventDate "2019.11.30"]

1. e4 e6 2. c4 c5 3. Nf3 Nc6 4. d4 cxd4 5. Nxd4 Nf6 6. Nc3 Bb4 7. Nxc6 bxc6 8.
e5 Ne4 9. Bd2 Bxc3 10. Bxc3 Nxc3 11. bxc3 Qa5 12. Qd4 Rb8 13. Bd3 c5 14. Qd6
Qxc3+ 15. Ke2 Rb2+ 16. Kf3 Qd2 17. Rhf1 g5 18. g3 Bb7+ 19. Kg4 Bg2 20. Kh5 Bxf1
21. Rxf1 Qb4 22. Kh6 Qb6 23. Kg7 Qxd6 24. exd6 Rf8 25. Rb1 Rxb1 26. Bxb1 g4 27.
Bxh7 e5 28. Bf5 f6 1-0

[Event "51smm A Arci-Klausen"]
[Site "?"]
[Date "2019.11.30"]
[Round "3.6"]
[White "Rizzardi, Roberto"]
[Black "Haller, Quentin"]
[Result "1/2-1/2"]
[WhiteElo "1493"]
[BlackElo "1797"]
[PlyCount "43"]
[EventDate "2019.11.30"]

1. e4 c6 2. d4 d5 3. e5 Bf5 4. Bd3 Bxd3 5. Qxd3 e6 6. f4 Nd7 7. Nf3 c5 8. c3 c4
9. Qc2 Ne7 10. Be3 b5 11. O-O Nb6 12. Nbd2 Nf5 13. Bf2 a5 14. Ng5 b4 15. Ndf3
Qd7 16. Nh4 g6 17. Nxf5 gxf5 18. Bh4 bxc3 19. bxc3 Qa4 20. Qxa4+ Nxa4 21. Rab1
Be7 22. Rfc1 1/2-1/2

[Event "51smm A Brixen/Milland-Naturns2"]
[Site "?"]
[Date "2019.11.30"]
[Round "3.2"]
[White "Brenninger, Daniel"]
[Black "Gurschler, Markus"]
[Result "1-0"]
[WhiteElo "2061"]
[BlackElo "1591"]
[PlyCount "83"]
[EventDate "2019.11.30"]

1. e4 g6 2. d4 Bg7 3. c4 c5 4. d5 Qa5+ 5. Qd2 Qxd2+ 6. Nxd2 Na6 7. Bd3 Nb4 8.
Bb1 d6 9. a3 Na6 10. Ne2 Bd7 11. O-O b5 12. Bd3 Rb8 13. Nc3 Nc7 14. f4 Bd4+ 15.
Kh1 Nf6 16. h3 bxc4 17. Bxc4 Bb5 18. Nxb5 Nxb5 19. Re1 Nh5 20. Nf3 Bf2 21. Bd2
Bxe1 22. Rxe1 O-O 23. Kh2 Nd4 24. Nxd4 cxd4 25. b3 Rfe8 26. e5 Ng7 27. Re4 dxe5
28. fxe5 Nf5 29. g4 Ne3 30. Bxe3 dxe3 31. Rxe3 Kf8 32. Rf3 Kg7 33. d6 e6 34. g5
Red8 35. Kg3 Rb6 36. Kf4 Kf8 37. Ke4 Ke8 38. a4 a6 39. Rf4 Kf8 40. Bxe6 Rb4+
41. Bc4 Rd7 42. Kd5 1-0

[Event "51smm A Brixen/Milland-Naturns2"]
[Site "?"]
[Date "2019.11.30"]
[Round "3.3"]
[White "Illmer, Markus"]
[Black "Kofler, Thomas"]
[Result "1-0"]
[WhiteElo "1557"]
[BlackElo "1972"]
[PlyCount "71"]
[EventDate "2019.11.30"]

1. d4 d6 2. Nf3 Nf6 3. Bg5 Nbd7 4. Nbd2 h6 5. Bh4 g5 6. Bg3 g4 7. Ng1 d5 8. e3
Bg7 9. Bd3 c5 10. c3 c4 11. Bc2 Nf8 12. e4 Nxe4 13. Nxe4 dxe4 14. Bxe4 f5 15.
Bc2 Qd5 16. f3 h5 17. Qd2 h4 18. Bf4 Ne6 19. Be3 Bd7 20. h3 g3 21. Ne2 O-O-O
22. O-O Bb5 23. Bg5 Rde8 24. Nf4 Nxf4 25. Qxf4 Bd7 26. Bxh4 Bh6 27. Bg5 Bxg5
28. Qxg5 Rhg8 29. Qf4 e5 30. dxe5 Rxe5 31. Rad1 Qe6 32. Rd4 Re2 33. Rd2 Re1 34.
Rxd7 Rxf1+ 35. Kxf1 Qxd7 36. Bxf5 1-0

[Event "51smm A Brixen/Milland-Naturns2"]
[Site "?"]
[Date "2019.11.30"]
[Round "3.4"]
[White "Wisthaler, Lukas"]
[Black "Seppi, Alexander"]
[Result "1-0"]
[WhiteElo "1861"]
[BlackElo "1514"]
[PlyCount "79"]
[EventDate "2019.11.30"]

1. e4 c5 2. Nf3 Nc6 3. c4 d6 4. Nc3 g6 5. d4 cxd4 6. Nxd4 Bg7 7. Be3 Nf6 8. Be2
O-O 9. O-O Nxd4 10. Bxd4 b6 11. f4 Bb7 12. Bf3 Rc8 13. b3 Re8 14. Qe2 e6 15.
Rad1 Qe7 16. Nb5 e5 17. fxe5 dxe5 18. Bb2 Rcd8 19. Ba3 Qe6 20. Nc7 Qc8 21. Nxe8
Rxe8 22. Rd3 Qa8 23. Re1 Bc6 24. Rdd1 Qb7 25. Bc1 Bf8 26. Kh1 Bb4 27. Bd2 Bc5
28. b4 Bf8 29. Bg5 Bg7 30. Qd3 Ba4 31. Rd2 Nd7 32. Qa3 b5 33. c5 a5 34. Qd3 Nf8
35. a3 axb4 36. axb4 Ne6 37. Be3 Rd8 38. Qxd8+ Nxd8 39. Rxd8+ Bf8 40. Bh6 1-0

[Event "51smm A Brixen/Milland-Naturns2"]
[Site "?"]
[Date "2019.11.30"]
[Round "3.5"]
[White "Wielander, Wolfgang"]
[Black "Hellweg, Stephan"]
[Result "0-1"]
[WhiteElo "1492"]
[BlackElo "1770"]
[PlyCount "52"]
[EventDate "2019.11.30"]

1. e4 c5 2. Nf3 d6 3. d4 cxd4 4. Nxd4 Nf6 5. Nc3 a6 6. Be2 e6 7. O-O Qc7 8. Be3
Be7 9. a4 Nc6 10. Nb3 O-O 11. a5 Nd7 12. f4 Bf6 13. Qd2 Ne7 14. Na4 Ng6 15. c4
Be7 16. Nb6 Nxb6 17. Bxb6 Qc6 18. Bd3 e5 19. fxe5 dxe5 20. Be3 Be6 21. Qe2 Rad8
22. Nd2 Bc5 23. Nf3 Nf4 24. Qf2 Nxd3 25. Nxe5 Bxe3 26. Qxe3 Nxe5 0-1

[Event "51smm A Brixen/Milland-Naturns2"]
[Site "?"]
[Date "2019.11.30"]
[Round "3.6"]
[White "Ellemund, Gabriel"]
[Black "Koellemann, Simon"]
[Result "1/2-1/2"]
[WhiteElo "1644"]
[BlackElo "1514"]
[PlyCount "83"]
[EventDate "2019.11.30"]

1. d4 Nf6 2. Bf4 d5 3. e3 c5 4. c3 Nc6 5. Nd2 Bg4 6. Qb3 Na5 7. Qa4+ Bd7 8. Bb5
cxd4 9. exd4 a6 10. Bxd7+ Nxd7 11. Ngf3 b5 12. Qc2 e6 13. O-O Be7 14. b4 Nc4
15. a4 h6 16. Nb3 O-O 17. axb5 axb5 18. Rxa8 Qxa8 19. Ra1 Qc6 20. Nc5 Nxc5 21.
dxc5 Ra8 22. Ra2 Bf6 23. Nd4 Bxd4 24. cxd4 f6 25. h3 e5 26. Be3 e4 27. Qb1 f5
28. Qa1 Rxa2 29. Qxa2 Qb7 30. Bc1 g5 31. h4 f4 32. hxg5 hxg5 33. Qe2 Qg7 34.
Qg4 Qf6 35. g3 e3 36. Qc8+ Kg7 37. Qd7+ Kf8 38. gxf4 e2 39. Qc8+ Kf7 40. Qd7+
Kf8 41. Qc8+ Kf7 42. Qd7+ 1/2-1/2

[Event "51smm A Deutschnofen-Naturns"]
[Site "?"]
[Date "2019.11.30"]
[Round "3.2"]
[White "Zamengo, Fulvio"]
[Black "Unterthurner, Hans"]
[Result "1-0"]
[WhiteElo "2303"]
[BlackElo "1923"]
[PlyCount "49"]
[EventDate "2019.11.30"]

1. e4 e6 2. d4 d5 3. Nc3 Bb4 4. e5 c5 5. a3 Bxc3+ 6. bxc3 Qa5 7. Bd2 Qa4 8. Qg4
g6 9. Nf3 Qxc2 10. dxc5 Nc6 11. Be2 Qe4 12. Qxe4 dxe4 13. Ng5 Nxe5 14. Nxe4 Bd7
15. Bf4 Nc6 16. Rd1 e5 17. Bg5 Be6 18. Bb5 Kf8 19. O-O h6 20. Bh4 Nge7 21. Bf6
Rh7 22. Rd6 g5 23. Rb1 Bd5 24. Bd3 Rb8 25. Bxe7+ 1-0

[Event "51smm A Deutschnofen-Naturns"]
[Site "?"]
[Date "2019.11.30"]
[Round "3.3"]
[White "Naegele, Norbert"]
[Black "Micheli, Carlo"]
[Result "1/2-1/2"]
[WhiteElo "1817"]
[BlackElo "2236"]
[PlyCount "91"]
[EventDate "2019.11.30"]

1. e4 c5 2. Nf3 e6 3. g3 Nc6 4. Bg2 Nf6 5. Qe2 d6 6. O-O Be7 7. c3 e5 8. h3 O-O
9. d3 Re8 10. Rd1 Bf8 11. Nbd2 b5 12. d4 cxd4 13. cxd4 Qb6 14. dxe5 Nxe5 15.
Nxe5 Rxe5 16. Nb3 Bb7 17. Be3 Qa6 18. Bd4 Re6 19. f3 Nd7 20. Qf2 Ne5 21. Bf1
Qa4 22. Bc3 b4 23. Bd4 Rae8 24. Nd2 d5 25. f4 Nc6 26. Bc5 dxe4 27. Nc4 e3 28.
Bxe3 Rxe3 29. Nxe3 Bc5 30. Rd3 Nd4 31. b3 Qc6 32. Bg2 Qb6 33. Nc4 Qf6 34. Qf1
Nc2+ 35. Kh2 Bxg2 36. Kxg2 Nxa1 37. Qd1 Qc6+ 38. Kh2 Qe4 39. Rd8 Rxd8 40. Qxd8+
Bf8 41. Ne5 f6 42. Nd7 Qe7 43. Qc8 g5 44. Nxf8 Qxf8 45. Qc1 Nxb3 46. axb3
1/2-1/2

[Event "51smm A Deutschnofen-Naturns"]
[Site "?"]
[Date "2019.11.30"]
[Round "3.4"]
[White "Gallana, Marco"]
[Black "Gurschler, Gregor"]
[Result "1-0"]
[WhiteElo "2192"]
[BlackElo "1768"]
[PlyCount "89"]
[EventDate "2019.11.30"]

1. d4 d6 2. Nf3 Bg4 3. c4 Bxf3 4. exf3 Nd7 5. Nc3 e5 6. Be2 Ngf6 7. O-O Be7 8.
f4 exd4 9. Qxd4 O-O 10. Bf3 Qc8 11. b3 Nc5 12. Bb2 Rb8 13. Rfe1 Bd8 14. b4 Ne6
15. Qe3 c5 16. Nb5 cxb4 17. Nxd6 Qc5 18. Nxb7 Qxc4 19. Qxa7 Bc7 20. f5 Ng5 21.
Be2 Qf4 22. g3 Qxf5 23. Qc5 Qxc5 24. Nxc5 Nge4 25. Nxe4 Nxe4 26. Bd3 Ng5 27.
Kg2 Rfd8 28. Bc4 Re8 29. Rad1 Kf8 30. Rxe8+ Rxe8 31. Rd7 Bb6 32. f4 Ne6 33. Be5
Bc5 34. f5 Nd8 35. Bc7 Be7 36. Bd5 h6 37. Kf3 Bf6 38. Bd6+ Kg8 39. Bxb4 Bg5 40.
h4 Bf6 41. a4 Re5 42. Kf4 Re2 43. a5 Rb2 44. Bc5 Rb5 45. Bb6 1-0

[Event "51smm A Deutschnofen-Naturns"]
[Site "?"]
[Date "2019.11.30"]
[Round "3.5"]
[White "Gurschler, Thomas"]
[Black "Tonina, Filippo"]
[Result "1/2-1/2"]
[WhiteElo "1869"]
[BlackElo "1965"]
[PlyCount "64"]
[EventDate "2019.11.30"]

1. d4 d6 2. Bf4 g6 3. e3 Bg7 4. Nf3 Nd7 5. Be2 Ngf6 6. O-O O-O 7. h3 b6 8. Nbd2
Bb7 9. c3 Re8 10. a4 a5 11. Rc1 h6 12. Bh2 e5 13. Nc4 Ne4 14. Nfd2 d5 15. Nxe4
dxe4 16. Qc2 f5 17. Rfd1 Qg5 18. Nxe5 Nxe5 19. Bf4 Qe7 20. Bxe5 Bxe5 21. dxe5
Qxe5 22. Qb3+ Kg7 23. Rd7+ Re7 24. Rcd1 Rae8 25. Qb5 Qxb5 26. Bxb5 Kf8 27. Kf1
Rxd7 28. Rxd7 Re7 29. Rd8+ Kg7 30. g3 Kf6 31. h4 g5 32. hxg5+ hxg5 1/2-1/2

[Event "51smm A Deutschnofen-Naturns"]
[Site "?"]
[Date "2019.11.30"]
[Round "3.6"]
[White "Gibitz, Othmar"]
[Black "Naegele, Raimund"]
[Result "1/2-1/2"]
[WhiteElo "1633"]
[BlackElo "1612"]
[PlyCount "33"]
[EventDate "2019.11.30"]

1. e4 c6 2. d4 d5 3. e5 Bf5 4. Bd3 Bxd3 5. Qxd3 e6 6. Ne2 Ne7 7. O-O Nd7 8. f4
Qb6 9. Qb3 Nf5 10. Qxb6 Nxb6 11. g4 Ne7 12. Ng3 g6 13. h4 Bh6 14. a4 a6 15. a5
Nd7 16. b4 O-O-O 17. Nd2 1/2-1/2

[Event "51smm A Ehrenburg-Groeden"]
[Site "?"]
[Date "2019.11.30"]
[Round "3.1"]
[White "Moroder, Stephan"]
[Black "Hengl, Christian"]
[Result "1-0"]
[WhiteElo "2143"]
[BlackElo "2156"]
[PlyCount "111"]
[EventDate "2019.11.30"]

1. e4 e6 2. d4 d5 3. Nc3 Nf6 4. Bg5 Bb4 5. e5 h6 6. Bd2 Bxc3 7. bxc3 Ne4 8. Bc1
c5 9. Ne2 cxd4 10. cxd4 Nc6 11. c3 Qa5 12. Qb3 b6 13. Ba3 Ba6 14. Bb4 Bc4 15.
Qxc4 dxc4 16. Bxa5 Nxa5 17. h4 O-O-O 18. Rc1 Nc6 19. f3 Nxc3 20. Nxc3 Rxd4 21.
Nb5 Rd5 22. Nd6+ Kc7 23. Nxc4 Rc5 24. Rd1 b5 25. Ne3 Rxe5 26. Kf2 f5 27. f4 Rc5
28. Be2 Rd8 29. Rxd8 Nxd8 30. Rb1 a6 31. a4 Kc6 32. Bf3+ Kb6 33. axb5 axb5 34.
Rd1 Kc7 35. Ra1 Nc6 36. Bxc6 Kxc6 37. Ra6+ Kd7 38. Rb6 g5 39. g3 gxf4 40. gxf4
h5 41. Kf3 Ke7 42. Ke2 Kd7 43. Kd3 e5 44. fxe5 Rxe5 45. Rf6 Re4 46. Nxf5 Rf4
47. Ke3 Rf1 48. Ke4 Kc7 49. Rh6 b4 50. Nd4 Re1+ 51. Kd5 Rc1 52. Rxh5 Kb6 53.
Rh6+ Kb7 54. Nb3 Rc3 55. Nc5+ Ka7 56. Ra6+ 1-0